[Event "2nd Easter 4NCL Congress"]
[Site "Daventry"]
[Date "2022.04.16"]
[Round "3"]
[Board "18"]
[White "Constable, Christine F"]
[Black "Wilson, Jeff"]
[Result "0-1"]
[WhiteElo "1560"]
[BlackElo "1447"]
[PlyCount "92"]
[EventDate "2022.04.15"]
[EventRounds "7"]
[EventCountry "ENG"]

1. d4 d5 2. c4 c6 3. g3 e6 4. Bg2 dxc4 5. Nf3 Nf6 6. O-O Nbd7 7. a4 b5 8. Nfd2
Nd5 9. axb5 cxb5 10. Nc3 Nxc3 11. bxc3 Rb8 12. Rxa7 Qb6 13. Ra1 Nf6 14. Rb1 Qd6
15. e4 Qc7 16. e5 Nd5 17. Ne4 Be7 18. Bd2 Bd7 19. Ra1 b4 20. cxb4 Bxb4 21. Bxb4
Nxb4 22. Nd6+ Ke7 23. Qh5 Be8 24. Qg5+ Kf8 25. Rfc1 c3 26. Qf4 Nd3 27. Qf3 Nxc1
28. Rxc1 c2 29. Qa3 Rb1 30. Nf5+ Kg8 31. Ne7+ Qxe7 32. Qxe7 Rxc1+ 33. Bf1 Rxf1+
34. Kxf1 c1=Q+ 35. Kg2 Qc6+ 36. Kh3 Qd7 37. Qc5 h5 38. f4 Qd5 39. Qc8 Kh7 40.
Qc2+ g6 41. Qd2 Bc6 42. Kh4 Qg2 43. Qc3 Qxh2+ 44. Kg5 Kg7 45. Qa3 Qh3 46. f5
Qg4#  0-1

[Event "2nd Easter 4NCL Congress"]
[Site "Daventry"]
[Date "2022.04.16"]
[Round "3"]
[Board "19"]
[White "Fraser, Chris A"]
[Black "Dargue, Peter W"]
[Result "1-0"]
[WhiteElo "1631"]
[BlackElo "1410"]
[PlyCount "145"]
[EventDate "2022.04.15"]
[EventRounds "7"]
[EventCountry "ENG"]

1. e4 c6 2. d4 d5 3. e5 c5 4. Nf3 e6 5. c3 Nc6 6. Bb5 Nge7 7. dxc5 a6 8. Bxc6+
Nxc6 9. b4 b6 10. Be3 bxc5 11. bxc5 Qa5 12. O-O Bxc5 13. Qd2 Bxe3 14. Qxe3 O-O
15. Nbd2 Rb8 16. Nb3 Qc7 17. Rfe1 Na5 18. Nxa5 Qxa5 19. Qd2 Bd7 20. Nd4 Rfc8
21. Rab1 Rxb1 22. Rxb1 h6 23. Rb7 Qxc3 24. Qxc3 Rxc3 25. g3 Be8 26. Rb8 Kf8 27.
Ra8 Rc4 28. Nb3 Ra4 29. Nc5 Rxa2 30. Rxa6 Rxa6 31. Nxa6 Bb5 32. Nc5 d4 33. Nb3
d3 34. f4 f6 35. Kf2 g5 36. Ke3 Kf7 37. Nc5 fxe5 38. fxe5 h5 39. h4 gxh4 40.
gxh4 Bc4 41. Nxd3 Bd5 42. Nf4 Kg7 43. Nxh5+ Kg6 44. Ng3 Kh6 45. Kf4 Bb7 46. Ne2
Kh5 47. Kg3 Bc8 48. Nf4+ Kh6 49. Kf2 Bd7 50. Ke3 Kg7 51. Kd4 Kf7 52. Kc5 Ke7
53. Kb6 Ba4 54. Kc5 Bc2 55. Nh5 Bg6 56. Nf6 Bf5 57. h5 Kf7 58. Kd6 Kg7 59. Ke7
Kh6 60. Kf7 Bh3 61. Ke7 Bf5 62. Kd6 Bh3 63. Kc5 Bf1 64. Kd4 Be2 65. Ke4 Bxh5
66. Nxh5 Kxh5 67. Kd4 Kg6 68. Kc5 Kf7 69. Kd6 Kf8 70. Kxe6 Ke8 71. Kf6 Kf8 72.
e6 Ke8 73. e7  1-0

[Event "2nd Easter 4NCL Congress"]
[Site "Daventry"]
[Date "2022.04.16"]
[Round "3"]
[Board "20"]
[White "Keerthi Kumar, Advait"]
[Black "Wright, George A"]
[Result "1-0"]
[WhiteElo "1377"]
[BlackElo "1522"]
[PlyCount "81"]
[EventDate "2022.04.15"]
[EventRounds "7"]
[EventCountry "ENG"]

1. e4 b6 2. d4 Bb7 3. Bd3 e6 4. Nf3 Be7 5. O-O Nf6 6. Re1 d5 7. e5 Ne4 8. c3
Nd7 9. Bxe4 dxe4 10. Nfd2 f5 11. exf6 Nxf6 12. Nc4 O-O 13. Ne3 c5 14. dxc5 Bxc5
15. b4 Be7 16. Nd2 b5 17. Nb3 Qc7 18. Bb2 Rad8 19. Qe2 Bd6 20. h3 a6 21. Rad1
Qf7 22. a3 Qg6 23. c4 bxc4 24. Nxc4 e3 25. Nxe3 Ne4 26. Rf1 Bc7 27. Nd4 Ng5 28.
Ng4 h5 29. h4 hxg4 30. hxg5 Qh5 31. f4 Qh7 32. Qxg4 Rfe8 33. Rfe1 e5 34. Nf5
Bb6+ 35. Ne3 exf4 36. Rxd8 Qe4 37. Rxe8+ Qxe8 38. g6 fxe3 39. Qc4+ Kh8 40. Qh4+
Kg8 41. Qh7+  1-0

[Event "2nd Easter 4NCL Congress"]
[Site "Daventry"]
[Date "2022.04.16"]
[Round "3"]
[Board "21"]
[White "Matilal, Tamal K"]
[Black "Vaidyanathan, Sathya"]
[Result "0-1"]
[WhiteElo "1451"]
[BlackElo "1280"]
[PlyCount "48"]
[EventDate "2022.04.15"]
[EventRounds "7"]
[EventCountry "ENG"]

1. Nf3 Nc6 2. d4 d5 3. c4 e6 4. a3 Nf6 5. Nc3 h6 6. Bf4 a6 7. h3 Be7 8. e3 dxc4
9. Bxc4 Bd7 10. d5 exd5 11. Nxd5 Nxd5 12. Qxd5 O-O 13. O-O Rc8 14. Rad1 Be6 15.
Qxe6 fxe6 16. Bxe6+ Kh8 17. Rd7 Qe8 18. Rfd1 Qg6 19. Bd5 Bf6 20. b4 Qc2 21.
Bxc6 Qxc6 22. Be5 Rcd8 23. Rxc7 Rxd1+ 24. Kh2 Bxe5+  0-1

[Event "2nd Easter 4NCL Congress"]
[Site "Daventry"]
[Date "2022.04.16"]
[Round "3"]
[Board "22"]
[White "Keshari, Krish"]
[Black "Ward, Oliver J"]
[Result "0-1"]
[WhiteElo "1218"]
[BlackElo "1415"]
[PlyCount "124"]
[EventDate "2022.04.15"]
[EventRounds "7"]
[EventCountry "ENG"]

1. e4 e5 2. Nf3 Nc6 3. d4 exd4 4. Nxd4 Bc5 5. Be3 Qf6 6. c3 Nge7 7. Bc4 Ne5 8.
Be2 Qg6 9. O-O Qxe4 10. Nb5 Bxe3 11. Nxc7+ Kd8 12. Nxa8 Nf5 13. fxe3 Nxe3 14.
Bf3 Nxf3+ 15. Qxf3 Qxf3 16. gxf3 Nxf1 17. Kxf1 d5 18. Nd2 Bh3+ 19. Kf2 Kc8 20.
Rg1 g6 21. Nb6+ axb6 22. Rg5 Rd8 23. Ke3 h6 24. Re5 Be6 25. Kd4 Kc7 26. Nf1 Kd6
27. b3 b5 28. Ne3 f6 29. Rxe6+ Kxe6 30. h4 b6 31. a3 g5 32. h5 f5 33. Nc2 g4
34. Ne1 g3 35. Ng2 Rg8 36. f4 Kd6 37. Kd3 Kc5 38. b4+ Kc6 39. Kc2 Re8 40. Kd3
Re4 41. Kd2 d4 42. cxd4 Rxd4+ 43. Ke3 Re4+ 44. Kf3 Rc4 45. Kxg3 Rc3+ 46. Kf2
Rxa3 47. Nh4 Rh3 48. Nxf5 Rxh5 49. Ng3 Rh2+ 50. Kg1 Rb2 51. f5 Rxb4 52. f6 Rf4
53. Nh5 Rf5 54. f7 Rxf7 55. Kh1 b4 56. Nf4 Rxf4 57. Kh2 Rg4 58. Kh3 h5 59. Kh2
b3 60. Kh3 b2 61. Kh2 b1=Q 62. Kh3 Qh1#  0-1

[Event "2nd Easter 4NCL Congress"]
[Site "Daventry"]
[Date "2022.04.16"]
[Round "3"]
[Board "23"]
[White "Patel, Diah Dipal"]
[Black "Horspool, Ben"]
[Result "0-1"]
[WhiteElo "1318"]
[BlackElo "1525"]
[PlyCount "72"]
[EventDate "2022.04.15"]
[EventRounds "7"]
[EventCountry "ENG"]

1. e4 e5 2. Nf3 Nc6 3. Nc3 Bc5 4. Nxe5 Nxe5 5. d4 Bxd4 6. Qxd4 d6 7. Bc4 Nf6 8.
Bf4 Nxc4 9. O-O-O Be6 10. b3 Ne5 11. Bxe5 dxe5 12. Qa4+ Bd7 13. Qc4 O-O 14. h4
c6 15. h5 Qa5 16. h6 g6 17. Qd3 Rad8 18. Qf3 Ne8 19. Rh2 Qa3+ 20. Kb1 Qe7 21.
g4 Qg5 22. Rg1 Nf6 23. Rhg2 Bxg4 24. Rxg4 Nxg4 25. Rxg4 Qxh6 26. Rg3 Rd7 27.
Qg4 Rfd8 28. a3 Rd2 29. Rg2 Qf8 30. Kb2 Qc5 31. Rh2 Rxf2 32. Rh1 Rdd2 33. b4
Rxc2+ 34. Kb3 Qxc3+ 35. Ka4 b5+ 36. Ka5 Qxa3#  0-1

[Event "2nd Easter 4NCL Congress"]
[Site "Daventry"]
[Date "2022.04.16"]
[Round "3"]
[Board "24"]
[White "Darbost, Fabien"]
[Black "Goldsmith, Jennifer"]
[Result "1/2-1/2"]
[WhiteElo "1258"]
[BlackElo "1431"]
[PlyCount "141"]
[EventDate "2022.04.15"]
[EventRounds "7"]
[EventCountry "ENG"]

1. e4 c6 2. d4 d5 3. e5 e6 4. Nf3 c5 5. c3 Nc6 6. Be3 Nge7 7. dxc5 Nf5 8. c4
Nxe3 9. fxe3 Bxc5 10. Nc3 d4 11. exd4 Nxd4 12. Be2 Qb6 13. Na4 Nxf3+ 14. Bxf3
Qb4+ 15. Kf1 Qxc4+ 16. Be2 Qf4+ 17. Bf3 Qxe5 18. Nxc5 Qxc5 19. Qb3 Rb8 20. Ke2
O-O 21. Rac1 Qe5+ 22. Kf2 b6 23. Rhe1 Qd4+ 24. Kf1 Ba6+ 25. Be2 Bxe2+ 26. Kxe2
Rfd8 27. Red1 Qe4+ 28. Qe3 Qxg2+ 29. Qf2 Qxf2+ 30. Kxf2 Kf8 31. Rxd8+ Rxd8 32.
Ke3 Ke8 33. Rc7 Rd7 34. Rc8+ Ke7 35. Rh8 h6 36. Rc8 Kf6 37. Rc4 g5 38. a4 a5
39. h3 Rd6 40. b3 Kg6 41. Ke4 f5+ 42. Ke3 e5 43. Ke2 Kh5 44. Rc3 Kh4 45. Kf2 e4
46. Kg2 Rd2+ 47. Kg1 f4 48. Rc6 Rd1+ 49. Kg2 f3+ 50. Kh2 Rd2+ 51. Kg1 f2+ 52.
Kg2 h5 53. Rc4 Re2 54. Kf1 Rb2 55. Kg2 Rxb3 56. Rxe4+ g4 57. hxg4 hxg4 58. Kxf2
Rb4 59. Re6 Rxa4 60. Rxb6 Rf4+ 61. Kg2 a4 62. Ra6 Rc4 63. Kh2 Rc2+ 64. Kg1 Ra2
65. Rf6 Kg3 66. Kf1 a3 67. Rb6 Rb2 68. Ra6 a2 69. Ra3+ Kh4 70. Kg1 a1=Q+ 71.
Rxa1  1/2-1/2

[Event "2nd Easter 4NCL Congress"]
[Site "Daventry"]
[Date "2022.04.16"]
[Round "3"]
[Board "25"]
[White "Veeturi, Yashvardhan"]
[Black "Griffin-Young, Sebastian"]
[Result "0-1"]
[WhiteElo "1165"]
[BlackElo "1431"]
[PlyCount "80"]
[EventDate "2022.04.15"]
[EventRounds "7"]
[EventCountry "ENG"]

1. e4 c5 2. Nc3 Nc6 3. Bb5 e6 4. Bxc6 bxc6 5. d4 cxd4 6. Qxd4 Nf6 7. e5 Nd5 8.
Nxd5 cxd5 9. Nf3 Qc7 10. Qd1 Ba6 11. b3 Bb4+ 12. Bd2 Bc5 13. Bc1 O-O 14. Bb2
Bb4+ 15. Nd2 Ba3 16. Qc1 Bc5 17. c4 dxc4 18. Nxc4 d5 19. exd6 Bxd6 20. Qg5 Bb4+
21. Nd2 f6 22. Qe3 Rad8 23. Qxe6+ Kh8 24. Qxa6 Bxd2+ 25. Kf1 Rfe8 26. g3 Rd6
27. Qa4 Qe7 28. Ba3 Qe2+ 29. Kg2 Ra6 30. Qc4 Qxc4 31. bxc4 Rxa3 32. Rad1 Rxa2
33. Rb1 h6 34. Rb5 Rc2 35. c5 Be3 36. Re1 Rxf2+ 37. Kh3 Re5 38. Rb8+ Kh7 39. c6
Rh5+ 40. Kg4 f5+  0-1

[Event "2nd Easter 4NCL Congress"]
[Site "Daventry"]
[Date "2022.04.16"]
[Round "3"]
[Board "26"]
[White "Baan, Radha"]
[Black "Cox, R David"]
[Result "0-1"]
[WhiteElo "1144"]
[BlackElo "1400"]
[PlyCount "150"]
[EventDate "2022.04.15"]
[EventRounds "7"]
[EventCountry "ENG"]

1. d4 f5 2. Bg5 g6 3. Nf3 Bg7 4. c4 Nf6 5. Nc3 b6 6. e3 Bb7 7. d5 d6 8. Nd4 Bc8
9. c5 bxc5 10. Qa4+ Kf7 11. Nc6 Qe8 12. Nb5 Nxd5 13. Nxb8 Rxb8 14. Bc4 c6 15.
Nc7 Qd7 16. Nxd5 cxd5 17. Bxd5+ e6 18. Bc6 Qc7 19. e4 Bxb2 20. Rd1 Bc3+ 21. Kf1
Rb4 22. Qc2 Qxc6 23. Qxc3 e5 24. f3 h6 25. Be3 f4 26. Bc1 Ba6+ 27. Kf2 g5 28.
Qd2 Rd4 29. Qc3 Rxd1 30. Rxd1 Qb5 31. Qb3+ Qxb3 32. axb3 Ke6 33. Ba3 Rc8 34.
Rc1 c4 35. b4 Bb7 36. Rb1 d5 37. b5 d4 38. b6 a6 39. Ke2 d3+ 40. Kd2 Rc6 41.
Bf8 Kf7 42. Bxh6 Rxh6 43. h3 Rc6 44. Rb4 Ke6 45. Kc3 Kd6 46. Rb1 Kc5 47. Rb4
Kd6 48. Rb1 Ke6 49. Rb4 Kf6 50. Rb1 Kg6 51. h4 gxh4 52. Rh1 Rxb6 53. Rxh4 Kg5
54. Rg4+ Kh5 55. g3 fxg3 56. Rxg3 a5 57. Rh3+ Kg5 58. Rg3+ Kf4 59. Rg7 Kxf3 60.
Rc7 Bxe4 61. Rxc4 Rc6 62. Rxc6 Bxc6 63. Kxd3 e4+ 64. Kd2 e3+ 65. Ke1 a4 66. Kf1
a3 67. Ke1 a2 68. Kd1 a1=Q+ 69. Kc2 Be4+ 70. Kb3 e2 71. Kc4 e1=Q 72. Kc5 Qec3+
73. Kd6 Qa6+ 74. Kd7 Qg7+ 75. Ke8 Qa8#  0-1

[Event "2nd Easter 4NCL Congress"]
[Site "Daventry"]
[Date "2022.04.17"]
[Round "4"]
[Board "1"]
[White "Jerome, Stelio"]
[Black "Mckay, Ruairidh"]
[Result "1-0"]
[WhiteElo "1494"]
[BlackElo "1544"]
[PlyCount "89"]
[EventDate "2022.04.15"]
[EventRounds "7"]
[EventCountry "ENG"]

1. e4 e5 2. Nf3 Nc6 3. Bb5 a6 4. Bxc6 dxc6 5. O-O Bd6 6. d4 Bg4 7. dxe5 Bxf3 8.
Qxf3 Bxe5 9. Rd1 Qe7 10. Nc3 Nf6 11. Bf4 O-O 12. Bxe5 Qxe5 13. Qe2 b5 14. a3
Rfe8 15. f3 Rad8 16. Rxd8 Rxd8 17. Rd1 Re8 18. Qe3 Nd5 19. Qc5 Qe7 20. Qxe7
Nxe7 21. Rd7 a5 22. b4 axb4 23. axb4 f6 24. Kf2 Kf7 25. Ne2 Rc8 26. Ke3 Ke6 27.
Rd3 c5 28. bxc5 Nc6 29. c3 Ke7 30. f4 Ra8 31. Nd4 Nxd4 32. Rxd4 Ra1 33. c6 Kf8
34. Rd8+ Kf7 35. Rd7+ Kg6 36. Rxc7 Ra3 37. Kd4 Ra4+ 38. Kc5 Rc4+ 39. Kxb5 Rxc3
40. Rd7 Rb3+ 41. Kc5 Rc3+ 42. Kd6 Rd3+ 43. Ke7 Re3 44. c7 Rxe4+ 45. Kd8  1-0

[Event "2nd Easter 4NCL Congress"]
[Site "Daventry"]
[Date "2022.04.17"]
[Round "4"]
[Board "2"]
[White "Dias, Yan A"]
[Black "Homer, Neil S"]
[Result "0-1"]
[WhiteElo "1525"]
[BlackElo "1692"]
[PlyCount "178"]
[EventDate "2022.04.15"]
[EventRounds "7"]
[EventCountry "ENG"]

1. e4 c6 2. d4 d5 3. e5 c5 4. dxc5 e6 5. a3 Nc6 6. f4 Bxc5 7. Qg4 Bf8 8. Bb5
Bd7 9. Bxc6 Bxc6 10. Nf3 h5 11. Qg3 h4 12. Qg4 Bd7 13. Nbd2 f5 14. Qg6+ Ke7 15.
Nd4 Rh6 16. Qg5+ Ke8 17. N2f3 Qxg5 18. fxg5 Rh5 19. Be3 Ne7 20. Ne2 Ng6 21.
O-O-O b6 22. g3 h3 23. Nf4 Nxf4 24. gxf4 Bc5 25. Rhe1 Bb5 26. Bd4 g6 27. b4 Be7
28. Bf2 Rc8 29. Nd4 Bd7 30. Kb2 Kf7 31. Kb3 a5 32. c3 a4+ 33. Kb2 b5 34. Rd3
Rch8 35. Nf3 Bd8 36. Rg1 Bc6 37. Rg3 Bc7 38. Ng1 Kg7 39. Nxh3 Rb8 40. Bg1 Bb6
41. Bxb6 Rxb6 42. Rd2 Rb8 43. Ng1 Rbh8 44. h3 Rh4 45. Rf2 Kf7 46. Kc2 Ke7 47.
Kd3 Kd7 48. Kd4 Kc7 49. Rff3 Kb6 50. Rg2 R8h7 51. Rh2 Rh8 52. Ne2 R4h7 53. Nc1
Bd7 54. Nd3 Kc6 55. Rg3 Rh4 56. Ke3 Bc8 57. Nf2 Bd7 58. Rh1 Kb6 59. Rd1 Rc8 60.
Ke2 Rc4 61. Rd4 Rxf4 62. Rxc4 dxc4 63. Rg1 Bc6 64. Rg3 Rh4 65. Kd2 Bd5 66. Ke1
Kc6 67. Ke2 Be4 68. Nxe4 Rxe4+ 69. Kd2 Kd5 70. Re3 Kxe5 71. h4 Rxe3 72. Kxe3
f4+ 73. Kf3 Kf5 74. h5 gxh5 75. g6 Kxg6 76. Kxf4 h4 77. Kg4 h3 78. Kxh3 Kf5 79.
Kg2 Ke4 80. Kf2 Kd3 81. Ke1 e5 82. Kd1 e4 83. Ke1 Kxc3 84. Ke2 Kb2 85. Ke3 c3
86. Kd4 c2 87. Kc5 c1=Q+ 88. Kxb5 Kxa3 89. Ka5 Qg5+  0-1

[Event "2nd Easter 4NCL Congress"]
[Site "Daventry"]
[Date "2022.04.17"]
[Round "4"]
[Board "3"]
[White "Szydlowski, Sebastien"]
[Black "Cotterell, David M"]
[Result "0-1"]
[WhiteElo "1681"]
[BlackElo "1541"]
[PlyCount "46"]
[EventDate "2022.04.15"]
[EventRounds "7"]
[EventCountry "ENG"]

1. b3 e6 2. Bb2 d5 3. Nf3 c5 4. e3 Nc6 5. Bb5 Bd7 6. Bxc6 Bxc6 7. Ne5 Nf6 8.
Nxc6 bxc6 9. O-O Be7 10. d3 O-O 11. Nd2 Nd7 12. Qg4 Bf6 13. Bxf6 Qxf6 14. f4
Qc3 15. Nf3 Qxc2 16. Nh4 Qxd3 17. Rf3 Qc3 18. Raf1 Nf6 19. e4 Qd4+ 20. Kh1 Nxg4
21. e5 Nxe5 22. fxe5 Qxh4 23. Rg3 Qd4  0-1

[Event "2nd Easter 4NCL Congress"]
[Site "Daventry"]
[Date "2022.04.17"]
[Round "4"]
[Board "4"]
[White "Loyden, Gary"]
[Black "Jenkins, Theo"]
[Result "0-1"]
[WhiteElo "1526"]
[BlackElo "1598"]
[PlyCount "116"]
[EventDate "2022.04.15"]
[EventRounds "7"]
[EventCountry "ENG"]

1. c4 Nf6 2. Nc3 g6 3. g3 Bg7 4. Bg2 c5 5. e4 Nc6 6. Nge2 O-O 7. d3 d6 8. h3
Bd7 9. O-O a6 10. a4 Rb8 11. Be3 Nb4 12. f4 Qc8 13. Kh2 Nc6 14. Qd2 e6 15. a5
Ne7 16. g4 Bc6 17. Ng3 Nd7 18. f5 exf5 19. gxf5 Qc7 20. Nd5 Bxd5 21. cxd5 b5
22. axb6 Qxb6 23. Rab1 Qb4 24. Qxb4 Rxb4 25. b3 Rfb8 26. Bf4 Be5 27. fxg6 hxg6
28. Bxe5 Nxe5 29. Rfd1 Rxb3 30. Rxb3 Rxb3 31. Ra1 Rb6 32. Bf1 f5 33. h4 Rb2+
34. Kh3 Ng4 35. exf5 gxf5 36. Be2 Nxd5 37. Nxf5 Ngf6 38. Rg1+ Kf8 39. Bf3 Nf4+
40. Kg3 Nxd3 41. Nxd6 Ne5 42. Rf1 Rb3 43. Kf4 Rxf3+ 44. Rxf3 Nxf3 45. Kxf3 Ke7
46. Ne4 Nd7 47. Ke3 Ke6 48. h5 Kd5 49. Nc3+ Kc4 50. h6 Nf8 51. Kd2 Kb3 52. Nd5
Nh7 53. Kc1 a5 54. Nb6 a4 55. Nxa4 Kxa4 56. Kc2 Kb4 57. Kb2 c4 58. Kc2 c3  0-1

[Event "2nd Easter 4NCL Congress"]
[Site "Daventry"]
[Date "2022.04.17"]
[Round "4"]
[Board "5"]
[White "Hariharan, Shambavi"]
[Black "Vaidyanathan, Adithya"]
[Result "1-0"]
[WhiteElo "1466"]
[BlackElo "1590"]
[PlyCount "105"]
[EventDate "2022.04.15"]
[EventRounds "7"]
[EventCountry "ENG"]

1. d4 c5 2. Bf4 cxd4 3. Qxd4 Nc6 4. Qd1 e5 5. Bg3 d5 6. e3 Be6 7. c3 Nf6 8. Nd2
Be7 9. Bb5 e4 10. Ne2 O-O 11. O-O Nh5 12. Bxc6 bxc6 13. Nd4 Nxg3 14. Nxc6 Qc7
15. Nxe7+ Qxe7 16. hxg3 Rab8 17. Qc2 f5 18. Nb3 f4 19. exf4 Rf6 20. Nd4 Rb6 21.
Rfe1 Qf7 22. Qd2 Rh6 23. f3 Qh5 24. fxe4 Qh2+ 25. Kf2 Bh3 26. Rg1 Rbg6 27. Ne2
Rd6 28. e5 Rd7 29. Qd4 Rb6 30. b3 Rf7 31. Qxd5 Rg6 32. Rh1 Qxg2+ 33. Qxg2 Bxg2
34. Kxg2 Rd7 35. Rad1 Rc7 36. f5 Ra6 37. e6 h6 38. Rhe1 Rxa2 39. c4 Kf8 40. Kg1
Ke7 41. Nf4 Rc8 42. Nd5+ Ke8 43. e7 Rb2 44. Nc7+ Kf7 45. Rd8 Rxd8 46. exd8=Q
Rxb3 47. Nd5 Rxg3+ 48. Kh2 Rg2+ 49. Kxg2 g5 50. Qe8+ Kg7 51. f6+ Kh7 52. Qf7+
Kh8 53. Qg7#  1-0

[Event "2nd Easter 4NCL Congress"]
[Site "Daventry"]
[Date "2022.04.17"]
[Round "4"]
[Board "6"]
[White "Keshari, Rohit"]
[Black "Sagar, Aneesh"]
[Result "0-1"]
[WhiteElo "1182"]
[BlackElo "1580"]
[PlyCount "94"]
[EventDate "2022.04.15"]
[EventRounds "7"]
[EventCountry "ENG"]

1. d4 d5 2. e3 Nf6 3. Bd3 c5 4. c3 Nc6 5. f4 e6 6. Nd2 Be7 7. Ngf3 b6 8. Ne5
Nxe5 9. fxe5 Nd7 10. O-O Bb7 11. Qg4 Qc7 12. Qxg7 O-O-O 13. Qxf7 Rde8 14. Qxe6
Bg5 15. Qh3 Rhg8 16. Rf7 Be7 17. Qxh7 Qd8 18. Nb3 c4 19. Bf5 cxb3 20. axb3 Kb8
21. Bd2 Rh8 22. Qg6 Qc7 23. Be1 Bc8 24. Bg3 Reg8 25. Rg7 Nf8 26. e6 Nxg6 27.
Bxc7+ Kxc7 28. Rxa7+ Kb8 29. Raxe7 Nxe7 30. Rxe7 Re8 31. Rxe8 Rxe8 32. Kf2 Rf8
33. e7 Rxf5+ 34. Kg3 Bd7 35. h4 Rf7 36. c4 Rxe7 37. Kf4 Re4+ 38. Kg5 Rg4+ 39.
Kh5 Kc7 40. cxd5 Kd6 41. g3 Kxd5 42. Kh6 Ke6 43. e4 Rxg3 44. h5 Be8 45. d5+ Ke5
46. b4 Kxe4 47. d6 Rd3  0-1

[Event "2nd Easter 4NCL Congress"]
[Site "Daventry"]
[Date "2022.04.17"]
[Round "4"]
[Board "7"]
[White "Lacoult, Maxime"]
[Black "Wall, Robert"]
[Result "0-1"]
[WhiteElo "1599"]
[BlackElo "1673"]
[PlyCount "68"]
[EventDate "2022.04.15"]
[EventRounds "7"]
[EventCountry "ENG"]

1. b3 e5 2. Bb2 Nc6 3. e3 Nf6 4. Bb5 d6 5. Ne2 a6 6. Bxc6+ bxc6 7. Ng3 Bg4 8.
f3 Be6 9. Qe2 Be7 10. d4 exd4 11. Bxd4 c5 12. Bb2 d5 13. Nd2 c6 14. O-O-O Qa5
15. Kb1 c4 16. Rc1 c3 17. Ba1 cxd2 18. Rcd1 Bb4 19. e4 dxe4 20. Nxe4 Ke7 21. c3
Ba3 22. Nxd2 Qf5+ 23. Ne4 a5 24. g4 Qg6 25. f4 Qxe4+ 26. Qxe4 Nxe4 27. Rhe1 f5
28. Rd4 Rhd8 29. Ra4 Bc5 30. Kc1 g6 31. gxf5 Bxf5 32. Rc4 Kf7 33. Rexe4 Bxe4
34. Rxc5 a4  0-1

[Event "2nd Easter 4NCL Congress"]
[Site "Daventry"]
[Date "2022.04.17"]
[Round "4"]
[Board "8"]
[White "Collyer, David"]
[Black "Liu, Jacob"]
[Result "1-0"]
[WhiteElo "1663"]
[BlackElo "1415"]
[PlyCount "83"]
[EventDate "2022.04.15"]
[EventRounds "7"]
[EventCountry "ENG"]

1. c4 c6 2. Nf3 Nf6 3. g3 d5 4. d4 e6 5. Nc3 Nbd7 6. Bg2 dxc4 7. O-O b5 8. Bg5
Be7 9. Ne5 Nxe5 10. Bxf6 gxf6 11. dxe5 Bd7 12. exf6 Bxf6 13. Rb1 Rc8 14. Ne4
Be7 15. Qd4 Rg8 16. Qxa7 Ra8 17. Qd4 Rxa2 18. Rfd1 Qc7 19. Nf6+ Bxf6 20. Qxf6
c5 21. Rd2 Qd8 22. Qxd8+ Kxd8 23. Rbd1 Ra7 24. Bc6 b4 25. Rxd7+ Rxd7 26. Rxd7+
Kc8 27. Rxf7 c3 28. bxc3 bxc3 29. Rf3 Kc7 30. Be4 Rg4 31. Bxh7 Rc4 32. Bc2 e5
33. h4 e4 34. Re3 Kd6 35. Rxe4 Rxe4 36. Bxe4 Ke5 37. Bc2 Kd4 38. h5 Kc4 39. h6
Kb4 40. h7 Ka3 41. h8=Q Kb2 42. Qh7  1-0

[Event "2nd Easter 4NCL Congress"]
[Site "Daventry"]
[Date "2022.04.17"]
[Round "4"]
[Board "9"]
[White "Wilson, Jeff"]
[Black "Webster, Vivien"]
[Result "1/2-1/2"]
[WhiteElo "1447"]
[BlackElo "1653"]
[PlyCount "72"]
[EventDate "2022.04.15"]
[EventRounds "7"]
[EventCountry "ENG"]

1. e4 e5 2. Nf3 d6 3. Bc4 Be7 4. h3 Nf6 5. d3 O-O 6. O-O a6 7. Re1 Nc6 8. c3
Na5 9. Bb3 Nxb3 10. Qxb3 b5 11. a4 Be6 12. Qc2 Qc8 13. Kh2 Qb7 14. d4 bxa4 15.
Nbd2 Bb3 16. Nxb3 axb3 17. Qd3 Nd7 18. Nd2 exd4 19. cxd4 Bg5 20. Nxb3 Bxc1 21.
Rexc1 Nf6 22. f3 Nh5 23. Qc3 Nf4 24. Rc2 Rfe8 25. Na5 Qb5 26. Nc6 Qg5 27. g3
Nh5 28. Qe1 Kf8 29. Ra5 Qh6 30. b4 Nf6 31. Rca2 d5 32. e5 Ng4+ 33. fxg4 Qxc6
34. Rc5 Qd7 35. Qc3 c6 36. Rca5 Qb7  1/2-1/2

[Event "2nd Easter 4NCL Congress"]
[Site "Daventry"]
[Date "2022.04.17"]
[Round "4"]
[Board "10"]
[White "Bullock, Lee"]
[Black "Wallman, James"]
[Result "1-0"]
[WhiteElo "1579"]
[BlackElo "1601"]
[PlyCount "113"]
[EventDate "2022.04.15"]
[EventRounds "7"]
[EventCountry "ENG"]

1. d4 d5 2. Bf4 Nf6 3. e3 e6 4. Bd3 Nc6 5. c3 Be7 6. Nf3 h6 7. Nbd2 a6 8. h3
Nh5 9. Bh2 f5 10. g4 fxg4 11. Bg6+ Kf8 12. Bxh5 gxf3 13. Qxf3+ Bf6 14. e4 dxe4
15. Nxe4 Qd5 16. Bxc7 Bd7 17. Nxf6 Qxf3 18. Nxd7+ Ke7 19. Bxf3 Kxd7 20. Bb6 Ne7
21. Rg1 g5 22. O-O-O Rhf8 23. Rd3 Ng6 24. Re3 Nf4 25. Bc5 Rf6 26. h4 Nh3 27.
hxg5 Rxf3 28. Rxf3 Nxg1 29. Rf7+ Kc6 30. gxh6 b6 31. Rf8 Ra7 32. Ba3 Nh3 33.
Rf6 Kd5 34. Bf8 Ng5 35. Rg6 Nh7 36. Rg7 Ra8 37. Be7 Rh8 38. Kd2 Ke4 39. Rg6 Kf5
40. Rg7 Ke4 41. f3+ Kxf3 42. Rg6 Ke4 43. Rxe6+ Kf5 44. Rxb6 Re8 45. Bc5 Rg8 46.
Kd3 Rg3+ 47. Kc4 Rh3 48. Rxa6 Ng5 49. a4 Ne4 50. d5 Nd2+ 51. Kb5 Ne4 52. Bd4
Rh2 53. b4 Rd2 54. h7 Rxd4 55. h8=Q Rd2 56. Qh7+ Ke5 57. Re6+  1-0

[Event "2nd Easter 4NCL Congress"]
[Site "Daventry"]
[Date "2022.04.17"]
[Round "4"]
[Board "11"]
[White "Maher, Mike P"]
[Black "Hadfield, Roy"]
[Result "1/2-1/2"]
[WhiteElo "1692"]
[BlackElo "1585"]
[PlyCount "59"]
[EventDate "2022.04.15"]
[EventRounds "7"]
[EventCountry "ENG"]

1. d4 e6 2. c4 b6 3. Nc3 Bb7 4. Nf3 Bb4 5. Qb3 Bxc3+ 6. Qxc3 f5 7. g3 Nf6 8.
Bg5 O-O 9. Bg2 d6 10. O-O Qe8 11. Bxf6 Rxf6 12. d5 e5 13. e4 f4 14. b4 Na6 15.
a4 Qh5 16. h3 Bc8 17. g4 Bxg4 18. hxg4 Qxg4 19. Rfb1 Rg6 20. Ne1 Rf8 21. Qf3
Qh4 22. Ra3 Rff6 23. Qh3 Rxg2+ 24. Nxg2 Qg5 25. Qh4 Qg6 26. f3 Qf7 27. a5 Nb8
28. axb6 cxb6 29. Qg4 Qc7 30. Rba1  1/2-1/2

[Event "2nd Easter 4NCL Congress"]
[Site "Daventry"]
[Date "2022.04.17"]
[Round "4"]
[Board "12"]
[White "Dos Santos Silva, Bruno Alexandre"]
[Black "Keerthi Kumar, Advait"]
[Result "1/2-1/2"]
[WhiteElo "1647"]
[BlackElo "1377"]
[PlyCount "135"]
[EventDate "2022.04.15"]
[EventRounds "7"]
[EventCountry "ENG"]

1. d4 d5 2. Nc3 Nf6 3. Bf4 c6 4. e3 Bf5 5. f3 e6 6. g4 Bg6 7. h4 h5 8. g5 Nh7
9. Bd3 Bxd3 10. Qxd3 g6 11. Nh3 Bd6 12. O-O-O Na6 13. Kb1 Qe7 14. Bxd6 Qxd6 15.
Nf4 O-O-O 16. Qd2 e5 17. Nd3 exd4 18. exd4 Rhe8 19. Ne5 Qc7 20. f4 Nf8 21. Rhf1
Kb8 22. f5 c5 23. Nb5 Qb6 24. Nxf7 Qxb5 25. Nxd8 Rxd8 26. fxg6 Nxg6 27. Qh2+
Ka8 28. Rf6 Ne7 29. a3 c4 30. c3 Rc8 31. Rdf1 Qe8 32. Re6 Nc7 33. Re5 Qg6+ 34.
Ka1 Nc6 35. Rf6 Qd3 36. Re1 Nb5 37. Qe2 Qh3 38. Qe3 Qxh4 39. Re6 a6 40. g6
Ncxd4 41. cxd4 Nxd4 42. Ka2 Nxe6 43. Qxe6 Qd8 44. g7 Qg8 45. Qe5 c3 46. bxc3
d4+ 47. Qe6 dxc3 48. Qxg8 Rxg8 49. Rh1 Rxg7 50. Rxh5 Rg1 51. Rc5 Rg3 52. Kb3
c2+ 53. Kb2 Ka7 54. Rxc2 Kb6 55. Rf2 Ka5 56. Rf5+ b5 57. Rf6 Rg7 58. Kb3 Rc7
59. Rf4 Kb6 60. a4 Rh7 61. axb5 axb5 62. Rf3 Ka5 63. Kb2 Ka4 64. Kb1 Rh2 65.
Re3 b4 66. Rf3 Rg2 67. Re3 b3 68. Re8  1/2-1/2

[Event "2nd Easter 4NCL Congress"]
[Site "Daventry"]
[Date "2022.04.17"]
[Round "4"]
[Board "13"]
[White "Holyhead, James"]
[Black "Fraser, Chris A"]
[Result "1-0"]
[WhiteElo "1510"]
[BlackElo "1631"]
[PlyCount "75"]
[EventDate "2022.04.15"]
[EventRounds "7"]
[EventCountry "ENG"]

1. d4 Nf6 2. Nf3 e6 3. g3 b5 4. Bg2 Bb7 5. O-O c5 6. a4 b4 7. c3 a5 8. Be3 Na6
9. Nbd2 d5 10. Rc1 Rc8 11. c4 Be7 12. dxc5 Nxc5 13. Nd4 O-O 14. Nb5 dxc4 15.
Bxb7 Nxb7 16. Na7 Ra8 17. Nc6 Qe8 18. Nxe7+ Qxe7 19. Rxc4 Nd5 20. Qb3 Nxe3 21.
Qxe3 Rfc8 22. Rfc1 Rxc4 23. Rxc4 g6 24. Qf3 Qd7 25. Ne4 Qe7 26. Qf4 e5 27. Qe3
Rd8 28. Qb6 Kg7 29. Rc7 Rd1+ 30. Kg2 Rd7 31. Rxd7 Qxd7 32. Qf6+ Kg8 33. Qxe5
Qc6 34. f3 h5 35. Nf6+ Kf8 36. Nd5 f6 37. Qe7+ Kg8 38. Nxf6+  1-0